000 00888cam a2200265 a 4500
999 _c2934
_d2934
001 10838
003 BD-DhUAP
005 20210130162332.0
008 200229s1998 bg abf b f000 0 eng
020 _a984300000965
040 _aBD-DhUAP
_cBD-DhUAP
_dBD-DhUAP
_bEng
082 _a306.095492 GLA
_223
100 _aGlassie, Henry.
245 _aLiving traditions /
_cHenry Glassie and Firoz Mahmud.
260 _aDhaka :
_bAsiatic Society of Bangladesh,
_cc2007.
300 _axi, 600 pages :
_billustrations ;
_c25 cm.
490 _aCultural survey of Bangladesh series ;
_v11.
504 _aIncludes bibliographical references and index.
650 _aMaterial culture -- Bangladesh
650 _aDecorative arts -- Bangladesh.
700 _aMahmud, Firoz
710 _aAsiatic Society of Bangladesh
942 _2ddc
_cBK